[Event "DEM U10 2021"]
[Site "Willingen GER"]
[Date "2021.08.27"]
[Round "8"]
[White "Shen, Tingrui"]
[Black "Payyappat, Sayas"]
[Result "1-0"]
[Termination "normal"]
[Board "7"]
[WhiteElo "1508"]
[BlackElo "1233"]
[WhiteClock "00:21:32"]
[BlackClock "00:23:39"]
[PlyCount "77"]
[WhiteFideId "34603441"]
[BlackFideId "25659260"]
[EventCountry "GER"]
[EventRounds "11"]
[EventType "swiss"]
[EventDate "2021.08.22"]

1. e4 {[%clk 01:15:49]} {[%emt 00:00:09]} c5 {[%clk 01:15:55]} {[%emt
00:00:07]} 2. Nf3 {[%clk 01:15:55]} {[%emt 00:00:23]} d6 {[%clk 01:15:53]}
{[%emt 00:00:33]} 3. d4 {[%clk 01:15:46]} {[%emt 00:00:38]} cxd4 {[%clk
01:15:47]} {[%emt 00:00:37]} 4. Nxd4 {[%clk 01:15:38]} {[%emt 00:00:36]} Nf6
{[%clk 01:15:19]} {[%emt 00:01:00]} 5. Nc3 {[%clk 01:15:18]} {[%emt 00:00:50]}
a6 {[%clk 01:14:51]} {[%emt 00:00:59]} 6. Bg5 {[%clk 01:15:04]} {[%emt
00:00:41]} e6 {[%clk 01:14:17]} {[%emt 00:01:06]} 7. f4 {[%clk 01:14:48]}
{[%emt 00:00:45]} Be7 {[%clk 01:13:59]} {[%emt 00:00:44]} 8. Qf3 {[%clk
01:13:36]} {[%emt 00:01:46]} Qc7 {[%clk 01:12:36]} {[%emt 00:01:54]} 9. O-O-O
{[%clk 01:12:42]} {[%emt 00:01:23]} b5 {[%clk 01:07:35]} {[%emt 00:05:32]} 10.
e5 {[%clk 01:11:23]} {[%emt 00:01:49]} Bb7 {[%clk 01:07:14]} {[%emt 00:00:51]}
11. Qg3 {[%clk 01:11:28]} {[%emt 00:00:23]} dxe5 {[%clk 01:05:11]} {[%emt
00:02:33]} 12. fxe5 {[%clk 01:11:06]} {[%emt 00:00:52]} Nh5 {[%clk 01:04:34]}
{[%emt 00:01:09]} 13. Qh4 {[%clk 01:10:36]} {[%emt 00:00:59]} Bxg5+ {[%clk
01:04:04]} {[%emt 00:01:01]} 14. Qxg5 {[%clk 01:08:24]} {[%emt 00:02:40]} g6
{[%emt 00:03:27]} 15. Bxb5+ {[%clk 01:05:23]} {[%emt 00:00:43]} Nc6 {[%clk
00:46:30]} {[%emt 00:17:56]} 16. Bxc6+ {[%clk 01:04:16]} {[%emt 00:01:36]} Bxc6
{[%clk 00:46:27]} {[%emt 00:00:34]} 17. Nxc6 {[%clk 01:02:39]} {[%emt
00:02:07]} Qxc6 {[%clk 00:44:05]} {[%emt 00:02:53]} 18. g4 {[%clk 01:01:14]}
{[%emt 00:01:54]} Ng7 {[%clk 00:44:15]} {[%emt 00:00:20]} 19. Qf6 {[%clk
00:59:16]} {[%emt 00:02:28]} O-O {[%clk 00:42:10]} {[%emt 00:02:35]} 20. h4
{[%clk 00:50:54]} {[%emt 00:08:53]} Rab8 {[%clk 00:40:00]} {[%emt 00:02:40]}
21. Rh3 {[%clk 00:45:38]} {[%emt 00:05:45]} Rfc8 {[%clk 00:36:44]} {[%emt
00:03:47]} 22. Rf3 {[%clk 00:40:03]} {[%emt 00:06:04]} Rc7 {[%clk 00:35:14]}
{[%emt 00:02:02]} 23. Rd8+ {[%clk 00:35:50]} {[%emt 00:04:41]} Rxd8 {[%clk
00:35:25]} {[%emt 00:00:19]} 24. Qxd8+ {[%clk 00:36:01]} {[%emt 00:00:19]} Ne8
{[%clk 00:35:46]} {[%emt 00:00:07]} 25. Rd3 {[%clk 00:32:37]} {[%emt 00:03:56]}
Rc8 {[%clk 00:35:44]} {[%emt 00:00:31]} 26. Qd7 {[%clk 00:29:05]} {[%emt
00:04:02]} Qxd7 {[%clk 00:34:49]} {[%emt 00:01:27]} 27. Rxd7 {[%clk 00:28:29]}
{[%emt 00:01:05]} f6 {[%clk 00:34:48]} {[%emt 00:00:32]} 28. Re7 {[%clk
00:26:39]} {[%emt 00:02:18]} Rd8 {[%clk 00:24:11]} {[%emt 00:11:09]} 29. Rxe6
{[%clk 00:25:47]} {[%emt 00:01:21]} f5 {[%clk 00:24:23]} {[%emt 00:01:50]} 30.
gxf5 gxf5 31. Ne2 {[%clk 00:24:30]} {[%emt 00:00:24]} Ng7 {[%clk 00:24:37]}
{[%emt 00:00:16]} 32. Rxa6 {[%clk 00:23:57]} {[%emt 00:01:04]} Re8 {[%clk
00:24:13]} {[%emt 00:00:53]} 33. Ra5 {[%clk 00:23:00]} {[%emt 00:01:28]} Nh5
{[%clk 00:24:22]} {[%emt 00:00:21]} 34. e6 {[%clk 00:22:40]} {[%emt 00:00:49]}
Ng7 {[%clk 00:24:10]} {[%emt 00:00:42]} 35. Nf4 {[%clk 00:22:13]} {[%emt
00:00:56]} Kf8 {[%clk 00:24:10]} {[%emt 00:00:31]} 36. h5 {[%clk 00:22:21]}
{[%emt 00:00:22]} Ke7 {[%clk 00:23:23]} {[%emt 00:01:18]} 37. h6 {[%clk
00:21:09]} {[%emt 00:01:41]} Nxe6 {[%clk 00:23:43]} {[%emt 00:00:10]} 38. Rxf5
{[%clk 00:21:24]} {[%emt 00:00:15]} Kd6 {[%clk 00:23:39]} {[%emt 00:00:29]} 39.
Rf6 {[%clk 00:21:32]} {[%emt 00:00:27]} 1-0

[Event "DEM U10 2021"]
[Site "Willingen GER"]
[Date "2021.08.27"]
[Round "8"]
[White "Zhang, Yibo"]
[Black "Rau, Eduard"]
[Result "0-1"]
[Termination "normal"]
[Board "8"]
[WhiteElo "1313"]
[BlackElo "1276"]
[WhiteClock "00:34:00"]
[BlackClock "01:13:01"]
[PlyCount "144"]
[WhiteFideId "16287657"]
[BlackFideId "16287231"]
[EventCountry "GER"]
[EventRounds "11"]
[EventType "swiss"]
[EventDate "2021.08.22"]

1. e4 {[%clk 01:15:58]} {[%emt 00:00:02]} e5 {[%clk 01:15:59]} {[%emt
00:00:01]} 2. Nf3 {[%clk 01:16:22]} {[%emt 00:00:06]} Nc6 {[%clk 01:16:25]}
{[%emt 00:00:04]} 3. Bc4 {[%clk 01:16:49]} {[%emt 00:00:03]} Nf6 {[%clk
01:16:50]} {[%emt 00:00:05]} 4. d4 {[%clk 01:17:04]} {[%emt 00:00:15]} exd4
{[%clk 01:16:53]} {[%emt 00:00:27]} 5. e5 {[%clk 01:17:22]} {[%emt 00:00:12]}
d5 {[%clk 01:17:17]} {[%emt 00:00:06]} 6. Bb5 {[%clk 01:17:42]} {[%emt
00:00:09]} Ne4 {[%clk 01:17:35]} {[%emt 00:00:12]} 7. Nxd4 {[%clk 01:18:04]}
{[%emt 00:00:08]} Bd7 {[%clk 01:18:00]} {[%emt 00:00:05]} 8. Bxc6 {[%clk
01:18:22]} {[%emt 00:00:13]} bxc6 {[%clk 01:18:23]} {[%emt 00:00:07]} 9. O-O
{[%clk 01:18:33]} {[%emt 00:00:18]} Bc5 {[%clk 01:18:44]} {[%emt 00:00:10]} 10.
f3 {[%clk 01:18:55]} {[%emt 00:00:08]} Ng5 {[%clk 01:19:08]} {[%emt 00:00:06]}
11. f4 {[%clk 01:19:19]} {[%emt 00:00:06]} Ne4 {[%clk 01:19:17]} {[%emt
00:00:21]} 12. Be3 {[%clk 01:19:35]} {[%emt 00:00:13]} O-O {[%clk 01:19:33]}
{[%emt 00:00:15]} 13. Nd2 {[%clk 01:19:48]} {[%emt 00:00:17]} Nxd2 {[%clk
01:19:30]} {[%emt 00:00:33]} 14. Qxd2 {[%clk 01:20:12]} {[%emt 00:00:05]} Bb6
{[%clk 01:19:52]} {[%emt 00:00:09]} 15. Nb3 {[%clk 01:20:27]} {[%emt 00:00:14]}
Bf5 {[%clk 01:18:59]} {[%emt 00:01:23]} 16. Bc5 {[%clk 01:19:12]} {[%emt
00:01:46]} Qe7 {[%clk 01:18:58]} {[%emt 00:00:31]} 17. Qc3 {[%clk 01:19:06]}
{[%emt 00:00:35]} Rac8 {[%clk 01:17:53]} {[%emt 00:01:35]} 18. Kh1 {[%clk
01:19:11]} {[%emt 00:00:25]} Bxc5 {[%clk 01:18:03]} {[%emt 00:00:21]} 19. Nxc5
{[%clk 01:19:23]} {[%emt 00:00:18]} Rfd8 {[%clk 01:17:58]} {[%emt 00:00:35]}
20. Nb7 {[%clk 01:19:01]} {[%emt 00:00:52]} Rd7 {[%clk 01:17:11]} {[%emt
00:01:17]} 21. Qxc6 {[%clk 01:19:01]} {[%emt 00:00:29]} Rb8 {[%clk 01:16:40]}
{[%emt 00:01:01]} 22. Rac1 {[%clk 01:09:01]} {[%emt 00:10:30]} h6 {[%clk
01:14:58]} {[%emt 00:02:12]} 23. b3 {[%clk 01:01:44]} {[%emt 00:07:48]} Kh7
{[%clk 01:09:07]} {[%emt 00:06:21]} 24. Nc5 {[%clk 00:51:30]} {[%emt 00:10:44]}
Rb6 {[%clk 01:09:23]} {[%emt 00:00:14]} 25. Qa4 {[%clk 00:50:44]} {[%emt
00:01:16]} Qxc5 {[%clk 01:09:07]} {[%emt 00:00:45]} 26. Qxa7 {[%clk 00:50:05]}
{[%emt 00:01:10]} c6 {[%clk 01:07:25]} {[%emt 00:02:12]} 27. Qa8 {[%clk
00:46:15]} {[%emt 00:04:19]} Rbb7 {[%clk 01:04:13]} {[%emt 00:03:43]} 28. Qa6
{[%clk 00:44:25]} {[%emt 00:02:20]} Ra7 {[%clk 01:04:29]} {[%emt 00:00:14]} 29.
Qe2 {[%clk 00:43:42]} {[%emt 00:01:14]} Rxa2 {[%clk 01:04:21]} {[%emt
00:00:37]} 30. Rfd1 {[%clk 00:42:10]} {[%emt 00:02:02]} Rxc2 {[%clk 01:04:13]}
{[%emt 00:00:38]} 31. Qf1 {[%clk 00:41:01]} {[%emt 00:01:39]} Be4 {[%clk
01:03:48]} {[%emt 00:00:55]} 32. Rxc2 {[%clk 00:39:54]} {[%emt 00:01:37]} Qxc2
{[%clk 01:04:14]} {[%emt 00:00:04]} 33. Rc1 {[%clk 00:40:11]} {[%emt 00:00:14]}
Bxg2+ {[%clk 01:04:39]} {[%emt 00:00:04]} 34. Kg1 {[%clk 00:39:57]} {[%emt
00:00:43]} Bxf1 {[%clk 01:04:31]} {[%emt 00:00:38]} 35. Rxc2 {[%clk 00:39:21]}
{[%emt 00:01:07]} Bd3 {[%clk 01:04:53]} {[%emt 00:00:08]} 36. Rxc6 {[%emt
00:00:21]} Rb7 {[%clk 01:05:10]} {[%emt 00:00:10]} 37. Rc5 {[%clk 00:32:53]}
{[%emt 00:07:10]} Be4 {[%clk 01:04:07]} {[%emt 00:01:34]} 38. Rc3 {[%clk
00:33:04]} {[%emt 00:00:18]} Kg6 {[%clk 01:04:21]} {[%emt 00:00:15]} 39. Kf2
{[%clk 00:33:22]} {[%emt 00:00:13]} Kf5 {[%clk 01:04:40]} {[%emt 00:00:11]} 40.
Ke3 {[%clk 00:33:22]} {[%emt 00:00:30]} Rb4 {[%clk 01:04:54]} {[%emt 00:00:16]}
41. Rc7 {[%clk 00:32:28]} {[%emt 00:01:24]} Rxb3+ {[%clk 01:05:04]} {[%emt
00:00:19]} 42. Kf2 {[%clk 00:32:14]} {[%emt 00:00:45]} Ke6 {[%clk 01:04:51]}
{[%emt 00:00:43]} 43. Rc6+ {[%clk 00:31:42]} {[%emt 00:01:01]} Kd7 {[%clk
01:05:14]} {[%emt 00:00:08]} 44. Ra6 {[%clk 00:31:45]} {[%emt 00:00:27]} Rf3+
{[%clk 01:05:29]} {[%emt 00:00:15]} 45. Ke1 {[%clk 00:31:59]} {[%emt 00:00:16]}
Rxf4 {[%clk 01:05:41]} {[%emt 00:00:18]} 46. h3 {[%clk 00:31:24]} {[%emt
00:01:05]} Rf5 {[%clk 01:05:04]} {[%emt 00:01:07]} 47. Kd2 {[%clk 00:30:49]}
{[%emt 00:01:05]} Rxe5 {[%clk 01:05:03]} {[%emt 00:00:31]} 48. Ke3 {[%clk
00:31:04]} {[%emt 00:00:14]} f5 {[%clk 01:05:22]} {[%emt 00:00:12]} 49. Ra7+
{[%clk 00:31:16]} {[%emt 00:00:18]} Kd6 {[%clk 01:05:43]} {[%emt 00:00:10]} 50.
Rxg7 {[%clk 00:31:24]} {[%emt 00:00:21]} Bg2+ {[%clk 01:05:54]} {[%emt
00:00:18]} 51. Kd4 {[%clk 00:31:29]} {[%emt 00:00:26]} Re4+ {[%clk 01:06:14]}
{[%emt 00:00:10]} 52. Kc3 {[%clk 00:31:46]} {[%emt 00:00:13]} Bxh3 {[%clk
01:06:34]} {[%emt 00:00:09]} 53. Rg6+ {[%clk 00:31:34]} {[%emt 00:00:43]} Re6
{[%clk 01:06:59]} {[%emt 00:00:04]} 54. Rg3 {[%clk 00:31:59]} {[%emt 00:00:06]}
Bg4 {[%clk 01:07:24]} {[%emt 00:00:05]} 55. Kd3 {[%clk 00:31:33]} {[%emt
00:00:55]} h5 {[%clk 01:07:49]} {[%emt 00:00:06]} 56. Rg1 {[%clk 00:31:54]}
{[%emt 00:00:08]} h4 {[%clk 01:08:10]} {[%emt 00:00:09]} 57. Rh1 {[%clk
00:32:17]} {[%emt 00:00:08]} h3 {[%clk 01:08:32]} {[%emt 00:00:08]} 58. Rh2
{[%clk 00:32:36]} {[%emt 00:00:11]} f4 {[%clk 01:08:27]} {[%emt 00:00:36]} 59.
Rh1 {[%clk 00:32:07]} {[%emt 00:00:58]} f3 {[%clk 01:08:23]} {[%emt 00:00:33]}
60. Rg1 {[%clk 00:31:06]} {[%emt 00:01:31]} Re4 {[%clk 01:08:45]} {[%emt
00:00:08]} 61. Rh1 {[%clk 00:31:13]} {[%emt 00:00:24]} f2 {[%clk 01:09:02]}
{[%emt 00:00:13]} 62. Ra1 {[%clk 00:30:28]} {[%emt 00:01:15]} f1=Q+ {[%clk
01:09:18]} {[%emt 00:00:13]} 63. Rxf1 {[%clk 00:30:37]} {[%emt 00:00:21]} Be2+
{[%clk 01:09:44]} {[%emt 00:00:04]} 64. Kd2 {[%clk 00:31:03]} {[%emt 00:00:05]}
Bxf1 {[%clk 01:10:08]} {[%emt 00:00:04]} 65. Kc3 {[%clk 00:31:25]} {[%emt
00:00:10]} h2 {[%clk 01:10:34]} {[%emt 00:00:04]} 66. Kd2 {[%clk 00:31:48]}
{[%emt 00:00:07]} h1=Q {[%clk 01:10:51]} {[%emt 00:00:10]} 67. Kc3 {[%clk
00:32:16]} {[%emt 00:00:05]} Qf3+ {[%clk 01:11:08]} {[%emt 00:00:12]} 68. Kd2
{[%clk 00:32:38]} {[%emt 00:00:08]} Rd4+ {[%clk 01:11:21]} {[%emt 00:00:18]}
69. Kc2 {[%clk 00:32:55]} {[%emt 00:00:13]} Qd1+ {[%clk 01:11:44]} {[%emt
00:00:07]} 70. Kc3 {[%clk 00:33:14]} {[%emt 00:00:11]} Rc4+ {[%clk 01:12:09]}
{[%emt 00:00:05]} 71. Kb2 {[%clk 00:33:37]} {[%emt 00:00:07]} Qc2+ {[%clk
01:12:33]} {[%emt 00:00:05]} 72. Ka3 {[%clk 00:34:00]} {[%emt 00:00:07]} Ra4#
{[%clk 01:13:01]} {[%emt 00:00:03]} 0-1

[Event "DEM U10 2021"]
[Site "Willingen GER"]
[Date "2021.08.27"]
[Round "8"]
[White "Rodriguez Klasen, Ennio"]
[Black "Rohatgi, Kushagra"]
[Result "1/2-1/2"]
[Termination "normal"]
[Board "10"]
[WhiteElo "1341"]
[BlackElo "1473"]
[WhiteClock "00:10:37"]
[BlackClock "00:58:18"]
[PlyCount "38"]
[WhiteFideId "16277414"]
[BlackFideId "34603212"]
[EventCountry "GER"]
[EventRounds "11"]
[EventType "swiss"]
[EventDate "2021.08.22"]

1. e4 {[%clk 01:15:57]} {[%emt 00:00:01]} e5 {[%clk 01:15:52]} {[%emt
00:00:08]} 2. Nf3 {[%clk 01:16:10]} {[%emt 00:00:17]} Nc6 {[%clk 01:16:14]}
{[%emt 00:00:10]} 3. Bc4 {[%clk 01:16:21]} {[%emt 00:00:18]} Bc5 {[%clk
01:16:31]} {[%emt 00:00:13]} 4. c3 {[%clk 01:16:27]} {[%emt 00:00:25]} Nf6
{[%clk 01:16:52]} {[%emt 00:00:09]} 5. d4 {[%clk 01:16:19]} {[%emt 00:00:37]}
exd4 {[%clk 01:16:54]} {[%emt 00:00:27]} 6. O-O {[%clk 01:16:00]} {[%emt
00:00:50]} dxc3 {[%clk 01:16:05]} {[%emt 00:01:18]} 7. e5 {[%clk 01:11:04]}
{[%emt 00:05:27]} cxb2 {[%clk 01:13:52]} {[%emt 00:02:44]} 8. Bxb2 {[%clk
01:11:23]} {[%emt 00:00:10]} d5 {[%clk 01:10:58]} {[%emt 00:03:23]} 9. exf6
{[%clk 01:09:16]} {[%emt 00:02:38]} dxc4 {[%clk 01:10:19]} {[%emt 00:01:08]}
10. Qxd8+ {[%clk 01:08:20]} {[%emt 00:01:26]} Nxd8 {[%clk 01:10:20]} {[%emt
00:00:28]} 11. fxg7 {[%clk 01:07:43]} {[%emt 00:01:08]} Rg8 {[%clk 01:10:25]}
{[%emt 00:00:24]} 12. Nc3 {[%clk 00:41:39]} {[%emt 00:26:35]} Ne6 {[%clk
01:08:11]} {[%emt 00:02:44]} 13. Nd5 {[%clk 00:38:17]} {[%emt 00:03:53]} Be7
{[%clk 01:07:12]} {[%emt 00:01:28]} 14. Bf6 {[%clk 00:37:33]} {[%emt 00:01:14]}
Bd6 {[%clk 01:04:57]} {[%emt 00:02:45]} 15. Rfe1 {[%clk 00:27:26]} {[%emt
00:10:38]} Kd7 {[%clk 01:01:33]} {[%emt 00:03:52]} 16. Bc3 {[%clk 00:13:13]}
{[%emt 00:14:44]} Be7 {[%clk 00:59:12]} {[%emt 00:02:51]} 17. Bf6 {[%clk
00:11:49]} {[%emt 00:01:55]} Bd6 {[%clk 00:58:34]} {[%emt 00:01:07]} 18. Bc3
{[%clk 00:11:29]} {[%emt 00:00:49]} Be7 {[%clk 00:58:06]} {[%emt 00:00:59]} 19.
Bf6 {[%clk 00:10:37]} {[%emt 00:01:23]} Bd6 {[%clk 00:58:18]} {[%emt 00:00:18]}
1/2-1/2

[Event "DEM U10 2021"]
[Site "Willingen GER"]
[Date "2021.08.27"]
[Round "8"]
[White "Teng, David"]
[Black "Peglau, Paul David"]
[Result "1/2-1/2"]
[Termination "normal"]
[Board "11"]
[WhiteElo "1380"]
[BlackElo "1365"]
[WhiteClock "00:14:58"]
[BlackClock "00:04:40"]
[PlyCount "138"]
[WhiteFideId "34604570"]
[BlackFideId "16290550"]
[EventCountry "GER"]
[EventRounds "11"]
[EventType "swiss"]
[EventDate "2021.08.22"]

1. e4 {[%clk 01:15:59]} b6 {[%clk 01:15:29]} {[%emt 00:00:32]} 2. d4 {[%clk
01:16:22]} {[%emt 00:00:07]} Bb7 {[%clk 01:15:52]} {[%emt 00:00:06]} 3. Bd3
{[%clk 01:16:43]} {[%emt 00:00:08]} e6 {[%clk 01:15:48]} {[%emt 00:00:35]} 4.
Nf3 {[%clk 01:13:40]} {[%emt 00:03:33]} c5 {[%clk 01:12:34]} {[%emt 00:03:44]}
5. c3 {[%clk 01:12:19]} {[%emt 00:01:52]} d6 {[%clk 01:08:56]} {[%emt
00:04:08]} 6. O-O {[%clk 01:12:22]} {[%emt 00:00:23]} g6 {[%clk 01:07:11]}
{[%emt 00:02:19]} 7. Be3 {[%clk 01:12:29]} {[%emt 00:00:23]} Bg7 {[%clk
01:06:02]} {[%emt 00:01:39]} 8. Nbd2 {[%clk 01:10:31]} {[%emt 00:02:27]} Ne7
{[%clk 01:02:05]} {[%emt 00:04:28]} 9. Re1 {[%clk 01:09:00]} {[%emt 00:01:58]}
O-O {[%clk 01:00:11]} {[%emt 00:02:27]} 10. Nf1 {[%clk 01:08:33]} {[%emt
00:00:57]} Nbc6 {[%clk 00:59:39]} {[%emt 00:01:03]} 11. Ng3 {[%clk 01:05:29]}
{[%emt 00:03:32]} Qd7 {[%clk 00:55:47]} {[%emt 00:04:22]} 12. Qd2 {[%clk
01:04:47]} {[%emt 00:01:12]} Rfd8 {[%clk 00:54:29]} {[%emt 00:01:48]} 13. Rad1
{[%clk 01:03:53]} {[%emt 00:01:25]} Rac8 {[%clk 00:53:25]} {[%emt 00:01:35]}
14. Bc2 {[%clk 01:02:33]} {[%emt 00:01:49]} Rc7 {[%clk 00:49:24]} {[%emt
00:04:30]} 15. Bh6 {[%clk 01:00:57]} {[%emt 00:02:04]} Bh8 {[%clk 00:47:08]}
{[%emt 00:02:48]} 16. Be3 {[%clk 00:57:28]} {[%emt 00:03:58]} Bg7 {[%clk
00:44:16]} {[%emt 00:03:24]} 17. Bh6 {[%clk 00:57:00]} {[%emt 00:00:58]} Bh8
{[%clk 00:44:11]} {[%emt 00:00:35]} 18. e5 {[%clk 00:53:02]} {[%emt 00:04:28]}
dxe5 {[%clk 00:41:50]} {[%emt 00:02:51]} 19. dxe5 {[%emt 00:03:09]} Qxd2 {[%clk
00:39:47]} {[%emt 00:02:30]} 20. Bxd2 {[%clk 00:47:55]} {[%emt 00:02:59]} Rcd7
{[%clk 00:37:00]} {[%emt 00:03:19]} 21. Bf4 {[%clk 00:47:42]} {[%emt 00:00:43]}
Rxd1 {[%clk 00:34:36]} {[%emt 00:02:53]} 22. Rxd1 {[%clk 00:45:42]} {[%emt
00:02:30]} Rxd1+ {[%clk 00:31:42]} {[%emt 00:03:24]} 23. Bxd1 {[%clk 00:44:49]}
{[%emt 00:01:23]} Nd5 {[%clk 00:31:35]} {[%emt 00:00:37]} 24. Bh6 {[%clk
00:42:00]} {[%emt 00:03:19]} Nxe5 {[%clk 00:30:06]} {[%emt 00:02:00]} 25. Nxe5
{[%clk 00:42:09]} {[%emt 00:00:20]} Bxe5 {[%clk 00:30:17]} {[%emt 00:00:19]}
26. Bf3 {[%clk 00:42:02]} {[%emt 00:00:37]} Ba6 {[%clk 00:29:47]} {[%emt
00:01:01]} 27. Be2 {[%clk 00:41:07]} {[%emt 00:01:24]} Bxe2 {[%clk 00:28:47]}
{[%emt 00:01:30]} 28. Nxe2 {[%clk 00:38:14]} {[%emt 00:03:23]} f5 {[%clk
00:26:20]} {[%emt 00:02:58]} 29. Bd2 {[%clk 00:36:32]} {[%emt 00:02:11]} Kf7
{[%clk 00:25:51]} {[%emt 00:01:00]} 30. f4 {[%clk 00:35:49]} {[%emt 00:01:13]}
Bf6 {[%clk 00:25:17]} {[%emt 00:01:04]} 31. g3 {[%clk 00:36:08]} {[%emt
00:00:10]} Ke7 {[%clk 00:24:37]} {[%emt 00:01:11]} 32. Kf2 {[%clk 00:36:24]}
{[%emt 00:00:13]} Kd6 {[%clk 00:24:46]} {[%emt 00:00:22]} 33. c4 {[%clk
00:34:26]} {[%emt 00:02:28]} Ne7 {[%clk 00:23:01]} {[%emt 00:02:15]} 34. b3
{[%clk 00:33:34]} {[%emt 00:01:21]} Nc6 {[%clk 00:21:52]} {[%emt 00:01:40]} 35.
Bc3 {[%clk 00:30:02]} {[%emt 00:04:01]} Bxc3 {[%clk 00:21:23]} {[%emt
00:01:00]} 36. Nxc3 {[%clk 00:29:41]} {[%emt 00:00:51]} Nd4 {[%clk 00:19:37]}
{[%emt 00:02:16]} 37. h4 {[%clk 00:28:47]} {[%emt 00:01:22]} a6 {[%clk
00:17:39]} {[%emt 00:02:30]} 38. Ke3 {[%clk 00:27:43]} {[%emt 00:01:33]} Nc2+
{[%clk 00:17:31]} {[%emt 00:00:39]} 39. Kd2 {[%clk 00:26:51]} {[%emt 00:01:21]}
Nb4 {[%clk 00:15:39]} {[%emt 00:02:23]} 40. Ke3 {[%clk 00:26:49]} {[%emt
00:00:32]} Nc6 {[%clk 00:15:40]} {[%emt 00:00:29]} 41. Na4 {[%clk 00:25:34]}
{[%emt 00:01:45]} Kc7 {[%clk 00:15:24]} {[%emt 00:00:46]} 42. Nc3 {[%clk
00:25:33]} {[%emt 00:00:31]} Nd4 {[%clk 00:15:28]} {[%emt 00:00:26]} 43. Kd3
{[%clk 00:24:51]} {[%emt 00:01:12]} Nf3 {[%clk 00:12:41]} {[%emt 00:03:17]} 44.
Ke3 {[%clk 00:22:47]} {[%emt 00:02:33]} Nh2 {[%clk 00:12:44]} {[%emt 00:00:27]}
45. Kf2 {[%clk 00:23:10]} {[%emt 00:00:07]} Ng4+ {[%clk 00:12:43]} {[%emt
00:00:32]} 46. Kf3 {[%clk 00:23:31]} {[%emt 00:00:08]} Nf6 {[%clk 00:12:20]}
{[%emt 00:00:54]} 47. Ke3 {[%clk 00:23:46]} {[%emt 00:00:14]} Kd6 {[%clk
00:12:06]} {[%emt 00:00:45]} 48. Na4 {[%clk 00:23:52]} {[%emt 00:00:24]} Kc6
{[%clk 00:11:26]} {[%emt 00:01:09]} 49. Nc3 {[%clk 00:21:56]} {[%emt 00:02:26]}
b5 {[%clk 00:10:51]} {[%emt 00:01:06]} 50. cxb5+ {[%clk 00:17:00]} {[%emt
00:05:26]} axb5 {[%clk 00:11:11]} {[%emt 00:00:10]} 51. a3 {[%clk 00:11:40]}
{[%emt 00:05:50]} Nd5+ {[%clk 00:10:19]} {[%emt 00:01:22]} 52. Kd3 {[%clk
00:09:52]} {[%emt 00:02:15]} b4 {[%clk 00:08:56]} {[%emt 00:01:56]} 53. axb4
{[%clk 00:08:55]} {[%emt 00:01:26]} cxb4 {[%clk 00:07:40]} {[%emt 00:01:47]}
54. Ne2 {[%clk 00:07:08]} {[%emt 00:02:17]} Kd6 {[%clk 00:05:27]} {[%emt
00:02:42]} 55. Nd4 {[%clk 00:06:57]} {[%emt 00:00:41]} Nc7 {[%clk 00:03:08]}
{[%emt 00:02:49]} 56. Kc4 {[%clk 00:06:22]} {[%emt 00:01:06]} Nd5 {[%clk
00:02:19]} {[%emt 00:01:19]} 57. Nc2 {[%clk 00:05:39]} {[%emt 00:01:12]} Kd7
{[%clk 00:13:53]} {[%emt 00:03:56]} 58. Nxb4 {[%clk 00:20:17]} {[%emt
00:00:52]} Ne3+ {[%clk 00:13:52]} {[%emt 00:00:32]} 59. Kd4 {[%clk 00:19:34]}
{[%emt 00:01:12]} Nf1 {[%clk 00:13:28]} {[%emt 00:00:55]} 60. Nd3 {[%clk
00:19:42]} {[%emt 00:00:22]} Nxg3 {[%clk 00:13:30]} {[%emt 00:00:28]} 61. b4
{[%clk 00:18:18]} {[%emt 00:01:54]} Kc6 {[%clk 00:12:53]} {[%emt 00:01:07]} 62.
Ke5 {[%clk 00:17:02]} {[%emt 00:01:46]} Nf1 {[%clk 00:07:38]} {[%emt 00:05:44]}
63. Kxe6 {[%clk 00:14:23]} {[%emt 00:03:10]} Nd2 {[%clk 00:06:38]} {[%emt
00:01:27]} 64. Kf6 {[%clk 00:14:20]} {[%emt 00:00:34]} Nf3 {[%clk 00:05:33]}
{[%emt 00:01:36]} 65. Kg7 {[%clk 00:14:33]} {[%emt 00:00:17]} h5 {[%clk
00:05:31]} {[%emt 00:00:33]} 66. Kxg6 {[%clk 00:14:32]} {[%emt 00:00:30]} Nxh4
{[%clk 00:05:54]} {[%emt 00:00:08]} 67. Kxh5 {[%clk 00:14:54]} {[%emt
00:00:07]} Ng2 {[%clk 00:05:33]} {[%emt 00:00:52]} 68. Kg5 {[%clk 00:14:41]}
{[%emt 00:00:41]} Ne3 {[%clk 00:05:15]} {[%emt 00:00:49]} 69. Kf6 {[%clk
00:14:58]} {[%emt 00:00:08]} Kb5 {[%clk 00:04:40]} {[%emt 00:01:11]} 1/2-1/2